000 01855nam a2200409 c 4500
003 BLK
005 20221021174931.0
008 180409b bul|||||r ||||||| ||bul||
010 _aKNG00136521000
020 _a978-954-28-0975-3
_bиздат.: Ciela Soft and Publ.
040 _aBLK
041 _aBUL
_cBUL
072 7 _2bullib
_aН33
_xИкономика Н
080 _aСтопански планове. Стопанско планиране
_b338.26
_x
_z338.26
080 _aБизнес план на фирми. Фирмено планиране (+658.012.2+338.26)
_b334.72.008.5
_x
_z334.72.008.5
080 _aФинанси на стопанските организации (вкл. финансиране и управление на финансите). Финанси на стопанския сектор
_b336.6
_x
_z336.6
100 1 _aСлавова, Ирена Александрова
_eпърви автор
_9260181
139 _aСлавова, Ирена Александрова
_bС 43
245 1 0 _aБизнес стратегии, планове, бюджети
_cИрена Александрова Славова.
257 _aBGR
260 София
_bCiela Soft and Publ.
_c2011
300 _a380 с.
_bс табл., сх.
_c23 см
380 _a3
650 4 _aПланиране
_9166472
650 4 _aСтопански предприятия - планиране
_9274610
650 4 _aСтопански предприятия - финанси
_9262232
653 _aстратегическо планиране
653 _aбизнес план
653 _aмаркетингов план
653 _aпарични потоци
659 _aН
852 _aЦб 256947
856 4 _qpdf
_u
856 4 _qpdf
_u
942 _cKNG
_n0
_06
944 _aCR
_c27.11.2012
_kРенета_Константинова
944 _aED
_c29.10.2013
_k
999 _c130733
_d130733